LEADER 01168nam a2200265 i 4500 001 000000162967 003 CaOOAMICUS 005 20191105094233.0 008 070713s1968 it u000 u ita u 013 $a140331 040 $aSeMil$bita 100 1 $aRamat, Silvio,$d<1939- >.$0(OLS)http://semarc/name/36774 245 12$aL'intelligenza dei contemporanei :$bsaggi, note, interventi sulla poesia italiana del Novecento /$cSilvio Ramat. 260 $aPadova :$bRebellato,$cstampa 1968. 300 $a325 p. ;$c22 cm. 490 0 $aBiblioteca di cultura contemporanea ;$v2 500 $aContiene : Errata corrige. 650 4$aPoesia italiana - Sec. 20.$0(OLS)http://semarc/subject/8782 830 0$aBiblioteca di cultura contemporanea ;$v2.$0(OLS)http://semarc/title/426685 850 $aSeMil 852 $aSeMil$W1$xVenegono$y1$m1O III 206$j239832$B114290$CSeMilBibl$Z2$F125163 $81 961 $aRecupero: Altro 996 $6245$aL'intelligenza dei contemporanei :$bsaggi, note, interventi sulla poesia italiana del Novecento$9(OLS)http://semarc/title/232516 996 $6260$aPadova :$bRebellato$9(OLS)http://semarc/publisher/31744 LEADER 01031nam a2200229 i 4500 001 000000172841 003 CaOOAMICUS 005 20080630000000.0 008 080630s1912 gw u000 u ger u 013 $a150285 040 $aSeMil$bita 100 1 $aHumboldt, Wilhelm : von,$d<1767-1835>.$0(OLS)http://semarc/name/50737 245 10$aWilhelm von Humbolts Briefe an eine Freundin /$causgewählt und herausgegeben von Albert Leitzmann. 260 $aLeipzig :$bInsel,$c1912. 300 $aXXII, 305 p. ;$c19 cm. 650 4$aHumboldt, Wilhelm : von <1767-1835> - Lettere e carteggi.$0(OLS)http://semarc/subject/32904 700 1 $aLeitzmann, Albert <1867-1960>.$0(OLS)http://semarc/name/64607 700 1 $aDiede, Charlotte.$0(OLS)http://semarc/name/64606 850 $aSeMil 852 $aSeMil$W1$xVenegono$y1$m1W VI 15$j123693$B123693$CSeMilBibl$Z2$F134782 $81 996 $6245$aWilhelm von Humbolts Briefe an eine Freundin$9(OLS)http://semarc/title/247618 996 $6260$aLeipzig :$bInsel$9(OLS)http://semarc/publisher/31045